Statistics for Latin Words #1

Click here to take the quiz!

General Stats

  • This quiz has been taken 37,912 times
  • The average score is 16 of 24

Answer Stats

Latin English % Correct
SolSun
97%
LunaMoon
96%
LeoLion
91%
LumenLight
83%
AnnusYear
80%
PostAfter
80%
CorpusBody
78%
StellaStar
77%
LupusWolf
74%
RexKing
73%
DeusGod
72%
MaterMother
70%
ContraAgainst
67%
MilleThousand
67%
AmicusFriend
66%
OvumEgg
65%
PaxPeace
64%
UrsusBear
64%
SanguisBlood
61%
NihilNothing
54%
BellumWar
48%
AvisBird
44%
CaputHead
35%
EmptorBuyer
23%

Score Distribution

Percentile by Number Answered

Percent of People with Each Score

Your Score History

You have not taken this quiz